Welcome to the Holygrace Academy Library

Please use search bar below to get started

DARE TO BE DIFFERENT AND GROW RICH (Record no. 5610)

MARC details
000 -LEADER
fixed length control field 00340nam a22001337a 4500
020 ## - INTERNATIONAL STANDARD BOOK NUMBER
ISBN 978-81-88569-37-3
082 ## - DEWEY DECIMAL CLASSIFICATION NUMBER
Classification number 158
Item number ZIT/D
100 ## - MAIN ENTRY--AUTHOR NAME
Personal name ZITELMANN,RAINER
245 ## - TITLE STATEMENT
Title DARE TO BE DIFFERENT AND GROW RICH
260 ## - PUBLICATION, DISTRIBUTION, ETC. (IMPRINT)
Place of publication BHOPAL
Name of publisher MANJUL PUBLISHING HOUSE
300 ## - PHYSICAL DESCRIPTION
Number of Pages 313
650 ## - SUBJECT ADDED ENTRY--TOPICAL TERM
Topical Term SECRETS OF SELF MADE PEOPLE
Geographic subdivision BHOPAL
942 ## - ADDED ENTRY ELEMENTS (KOHA)
Koha item type Books
Holdings
Withdrawn status Lost status Collection code Home library Current library Shelving location Date acquired Source of acquisition Full call number Accession Number Koha item type
    Reference Main Library Main Library SHELF-17-J-BIOGRAPHIES & AUTOBIOGRAPHIES 14/08/2013 PURCHASE 158 ZIT/D 07552 Books